00909njm a22002657a 450000500170000000700150001700800410003202800340007303500130010704000120012010000030013224500880013524600210022326000420024430000900028650000170037650000210039350000080041450000140042250501140043665000490055070000180059970000230061770000030064020100918120820.0sd ammalaaahaa100918t xxu||||| |||| 00| 0 hin d aSFLP--1134bSuper ; T- Series aGR-04498 aSED/VEN  aNagina /h[sound recording] :cLyrics by Anand Bakshi ; music by Laxmikant Pyarelal aनगीना  aDum Dum IndiabSuper ; T-Seriesc1987 a1 sound disc [Gramophone record] :banalog, 331/3 rpm c12 in (LP)fGramophone Record aBrief Record aSuper ; T-Series aRed aLong Play aTune bechain itna ziada kiya part 1 (Nagina) (Mohd. Aziz) Mein teri dushman part 2 (Nagina) (Lata Mangeshkar) vFilmi SongxExcerptszIndiaaClassical Music aBakshi, Anand aLaxmikant Pyarelal